Los jacobinos / (Record no. 131139)

MARC details
000 -LEADER
campo de control de longitud fija 01030nam a2200265 i 4500
001 - NÚMERO DE CONTROL
campo de control 131139
003 - IDENTIFICADOR DE NÚMERO DE CONTROL
campo de control ES-MaACL
005 - FECHA Y HORA DE LA ÚLTIMA TRANSACCIÓN
campo de control 20240927125316.0
007 - CAMPO FIJO DE DESCRIPCIÓN FÍSICA--INFORMACIÓN GENERAL
campo de control de longitud fija t|
008 - DATOS DE LONGITUD FIJA--INFORMACIÓN GENERAL
campo de control de longitud fija 070214s1970 sp r ||||1| spa d
245 04 - MENCIÓN DEL TÍTULO
Título Los jacobinos /
Mención de responsabilidad, etc. [textos de Maximilien Robespierre, Jean Paul Marat, Louis Antoine Léon de Saint-Just] ; selección y prólogo de José Alvarez Junco, Emilio Gilolmo.
260 ## - PUBLICACIÓN, DISTRIBUCIÓN, ETC.
Lugar de publicación, distribución, etc. Madrid :
Nombre del editor, distribuidor, etc. Cuadernos para el Diálogo,
Fecha de publicación, distribución, etc. 1970.
300 ## - DESCRIPCIÓN FÍSICA
Extensión 395 p. ;
Dimensiones 18 cm.
490 1# - MENCIÓN DE SERIE
Mención de serie Divulgación Universitaria. Clásicos ;
Designación de volumen o secuencia 21
651 #4 - PUNTO DE ACCESO ADICIONAL DE MATERIA--NOMBRE GEOGRÁFICO
Nombre geográfico Francia-
Subdivisión general Historia-
Subdivisión cronológica 1789-1799, Revolución
9 (RLIN) 8685
700 1# - ENTRADA AGREGADA--NOMBRE PERSONAL
Nombre de persona Robespierre, Maximilien.
9 (RLIN) 97862
700 1# - ENTRADA AGREGADA--NOMBRE PERSONAL
Nombre de persona Marat, Jean-Paul.
9 (RLIN) 76324
700 1# - ENTRADA AGREGADA--NOMBRE PERSONAL
Nombre de persona Saint-Just, Louis-Antoine-Léon de.
9 (RLIN) 101531
700 ## - ENTRADA AGREGADA--NOMBRE PERSONAL
Nombre de persona Álvarez Junco, José,
Fechas asociadas al nombre 1942-
9 (RLIN) 237536
700 1# - ENTRADA AGREGADA--NOMBRE PERSONAL
Nombre de persona Gilolmo, Emilio.
9 (RLIN) 57004
710 2# - ENTRADA AGREGADA--NOMBRE DE ENTIDAD CORPORATIVA
Nombre de entidad corporativa o nombre de jurisdicción como elemento de entrada Cuadernos para el Diálogo.
9 (RLIN) 3333
830 1# - PUNTO DE ACCESO ADICIONAL DE SERIE-TÍTULO UNIFORME
Título uniforme Divulgación Universitaria. Clásicos ;
Designación de volumen o secuencia 21
9 (RLIN) 219555
852 ## - LOCALIZACIÓN
Ubicación ES-MaACL
Número de control de estantería C-49153
Holdings
Estatus retirado Estado de pérdida Estado de daño No para préstamo Biblioteca de origen Biblioteca actual Ubicación en estantería Fecha de adquisición Fuente de adquisición Total de préstamos Signatura topográfica completa Código de barras Visto por última vez Precio de reemplazo Tipo de ítem Koha
        Biblioteca del Ateneo de Madrid Biblioteca del Ateneo de Madrid Depósito 2 17/01/2008     C-49153 1136530 23/02/2023 23/02/2023 Libro impreso